|
|
|
|
| LEADER |
01425nam a2200373Ia 4500 |
| 001 |
EBC3376509 |
| 003 |
MiAaPQ |
| 005 |
20200520144314.0 |
| 006 |
m o d | |
| 007 |
cr cn||||||||| |
| 008 |
840523s1984 dcua sbs 000 0 eng d |
| 010 |
|
|
|z 84061188
|
| 020 |
|
|
|z 0309034809 (pbk.)
|
| 035 |
|
|
|a (MiAaPQ)EBC3376509
|
| 035 |
|
|
|a (Au-PeEL)EBL3376509
|
| 035 |
|
|
|a (CaPaEBR)ebr10056782
|
| 035 |
|
|
|a (CaONFJC)MIL22216
|
| 035 |
|
|
|a (OCoLC)940510244
|
| 040 |
|
|
|a MiAaPQ
|c MiAaPQ
|d MiAaPQ
|
| 050 |
|
4 |
|a HB3654.A3
|b C63 1984
|
| 082 |
0 |
4 |
|a 304.6/2/0951
|2 19
|
| 100 |
1 |
|
|a Coale, Ansley J.
|
| 245 |
1 |
0 |
|a Rapid population change in China, 1952-1982
|h [electronic resource] /
|c Ansley J. Coale.
|
| 260 |
|
|
|a Washington, D.C. :
|b National Academy Press,
|c 1984.
|
| 300 |
|
|
|a xiv, 89 p. :
|b ill.
|
| 490 |
1 |
|
|a Report / Committee on Population and Demography ;
|v no. 27
|
| 504 |
|
|
|a Includes bibliography.
|
| 533 |
|
|
|a Electronic reproduction. Ann Arbor, MI : ProQuest, 2015. Available via World Wide Web. Access may be limited to ProQuest affiliated libraries.
|
| 651 |
|
0 |
|a China
|x Population.
|
| 651 |
|
0 |
|a China
|x Population
|x History.
|
| 655 |
|
4 |
|a Electronic books.
|
| 710 |
2 |
|
|a ProQuest (Firm)
|
| 830 |
|
0 |
|a Report (National Research Council (U.S.). Committee on Population and Demography) ;
|v no. 27.
|
| 856 |
4 |
0 |
|u https://ebookcentral.proquest.com/lib/matrademy/detail.action?docID=3376509
|z Click to View
|